000 00895nam a2200229Ii 4500
003 JO-AjNU
008 230605s9999||||xx |||||||||||||| ||und||
017 _a2013/6/2138
020 _a978-1-56564-612-4
040 _aJO-AjNU
_bara
_erda
_cJO-AjNU
041 _aara
050 1 4 _aBH221.2013
100 3 _aحنش، إدهام محمد,
_eauthor
_945558
245 0 0 _aنظرية الفن الإسلامي :المفهوم الجمالي والبيئة المعرفية
250 _aط1
264 3 1 _aفيرجينيا:المعهد العالمي للفكر الإسلامي ،2013
300 _a232ص
_bالكشاف من ص228-ص232
336 _atext
_btxt
_2rdacontent
337 _aunmediated
_bn
_2rdamedia
338 _avolume
_bnc
_2rdacarrier
650 4 _aالفن الإسلامي-نظرية الفن الإسلامي-النظرية الإستشراقية-علم الجمال
_945559
999 _aA19758
_c23326
_d23326